000 00891nam a2200217 i 4500
001 165826
003 ES-MaACL
005 20230906213219.0
008 050907m18751878xxk |||| | eng d
100 1 _aStubbs, William.
_9108490
245 1 4 _aThe constitutional history of England
_b: in its origin and development /
_cby William Stubbs.
260 _aOxford :
_b[s.n.],
_c1875-1878 (
_fClarendon Press)
300 _a2 v. (VII, 624 p.; VIII, 653 p.) ;
_c19 cm.
490 1 _aClarendon Press Series
505 8 _aContiene: v. 2 y v. 3
596 _aEn verso de la antep. consta: London : MacMillan and co. publishers to the University of Oxford.
651 4 _aGran Bretaña-
_xHistoria constitucional.
_98756
830 0 _aClarendon Press Series
_9188578
852 _aES-MaACL
_jG-12932-33
_z- Enc. tela
_z- Enc. con cada v. 32 p. del catálogo editorial
999 _c165826
_d165826